000 00282nam a22000977a 4500
999 _c11074
_d11074
008 180824b ||||| |||| 00| 0 eng d
020 _a9788189932152
100 _aSharma, J P
_95980
245 _aMathematics
_bBased on the latest Syllabus
260 _aNew Delhi
_bPrachi Publication
_c2018